LEADER 00895nam a2200241 i 4500 001 000000156667 003 CaOOAMICUS 005 20061212000000.0 008 061212s1961 it u000 u ita u 013 $a134022 040 $aSeMil$bita 100 1 $aFabbri, Diego <1911-1980>.$0(OLS)http://semarc/name/1462 245 12$aI demoni ; Processo Karamazov /$cDiego Fabbri ; prefazione di Mario Stefanile. 260 $aFirenze :$bVallecchi,$c1961. 300 $a405 p. ;$c19 cm. 500 $aFondo Ciprandi. 700 1 $aStefanile, Mario.$0(OLS)http://semarc/name/36786 850 $aSeMil 852 $aSeMil$W1$xVenegono$y1$m1D II 167$j108416$B108416$CSeMilBibl$Z2$F117996 $81 941 1 $a1 961 $aOmaggio: Ciprandi dott. Paolo 996 $6245$aI demoni ; Processo Karamazov$9(OLS)http://semarc/title/229648 996 $6260$aFirenze :$bVallecchi$9(OLS)http://semarc/publisher/29768 LEADER 01280nam a2200289 4500 001 000000350017 003 CaOOAMICUS 005 20230831122828.0 008 220421s2006 vp a 000 u eng r 020 $a1-74104-730-7 040 $aSeMil$bita 100 1 $aRyan, John.$0(OLS)http://semarc/name/115781 245 10$aMicro nations :$b[the Lonely planet guide to home-made nations] /$cJohn Ryan, George Dunford, Simon Sellars. 264 1$a[S.l.] :$bLonely planet publications,$c2006. 300 $a156 p. :$bill. ;$c20 cm 490 1 $aLonely Planet 650 4$aMicronazioni - Guide.$0(OLS)http://semarc/subject/54227 700 1 $aDunford, George.$0(OLS)http://semarc/name/115779 700 1 $aSellars, Simon.$0(OLS)http://semarc/name/115780 830 0$aLonely Planet.$0(OLS)http://semarc/title/25863 850 $aSeMil 852 $aSeMil$W1$xVenegono$y1$m4Y I 19$j233038$B241052$CSeMilBibl$Z2$F241052 $81 961 $aPerego don Stefano - Omaggio 996 $6020$a1-74104-730-7$9(OLS)http://semarc/number/295710 996 $6245$aMicro nations :$b[the Lonely planet guide to home-made nations]$9(OLS)http://semarc/title/439697 996 $6264$a[S.l.] :$bLonely planet publications$9(OLS)http://semarc/publisher/60392